000
00312 a2200157 4500
001
58662
020
_a
8526216481
040
_c
Anchieta - Pituba
100
_a
Barreto, Lima
240
1
0
_a
Futebol
_l
por
245
1
0
_a
Futebol
300
_a
88
362
0
_a
1990
650
4
_a
Ficção brasileira
942
_c
BK
999
_c
58662
_d
58662